000 00414pab a2200169 454500
008 180718b1999 xxu||||| |||| 00| 0 eng d
100 _aBhagat, Rasheeda
245 _aTurning primary school into PHCs
260 _c1999
300 _ap.15
362 _a9 Mar
650 _aPublic health - India
650 _aDisease control
650 _aHealth services
773 _aHindu(Business Line)
909 _a40975
999 _c40975
_d40975